Recognition at next sight (Record no. 13044)
[ view plain ]
| 000 -LEADER | |
|---|---|
| fixed length control field | 00355nam a22001217a 4500 |
| 082 ## - DEWEY DECIMAL CLASSIFICATION NUMBER | |
| Classification number | MS-CSE-3 FAR |
| 100 ## - MAIN ENTRY--PERSONAL NAME | |
| Personal name | Farhan Masood Butt |
| 9 (RLIN) | 101138 |
| 245 ## - TITLE STATEMENT | |
| Title | Recognition at next sight |
| 260 ## - PUBLICATION, DISTRIBUTION, ETC. | |
| Place of publication, distribution, etc. | Islamabad |
| Name of publisher, distributor, etc. | NUST SEECS |
| Date of publication, distribution, etc. | 2014 |
| 500 ## - GENERAL NOTE | |
| General note | Supervisor: Dr, Khawar Khursheed |
| 856 ## - ELECTRONIC LOCATION AND ACCESS | |
| Uniform Resource Identifier | <a href="http://10.250.8.41:8080/xmlui/handle/123456789/9654">http://10.250.8.41:8080/xmlui/handle/123456789/9654</a> |
| 942 ## - ADDED ENTRY ELEMENTS (KOHA) | |
| Koha item type | Project Report |
| Source of classification or shelving scheme | |
| Withdrawn status | Lost status | Damaged status | Not for loan | Collection code | Permanent Location | Current Location | Shelving location | Date acquired | Total Checkouts | Full call number | Barcode | Date last seen | Price effective from | Koha item type | Source of classification or shelving scheme |
|---|---|---|---|---|---|---|---|---|---|---|---|---|---|---|---|
| Central Library (CL) | Central Library (CL) | General Stacks | 10/26/2014 | MS-CSE-3 FAR | SEECSP01579 | 10/26/2014 | 10/26/2014 | Project Report | |||||||
| Central Library (CL) | Central Library (CL) | Thesis | 11/08/2019 | 004MS-CSE-3 FAR | CL-T-4015 | 11/08/2019 | 11/08/2019 | Thesis |
